000
00306nam a22001337a 4500
008
170424b xxu||||| |||| 00| 0 eng d
020
_a
0870410350
041
_a
eng
080
_2
17TH
_a
51
100
_a
12
101
_a
SHM
245
_a
REVIEW OF PHYSIOLOGICAL CHEMISTRY
_c
HARPER, H.A
942
_2
udc
_c
BK
999
_c
11793
_d
11793